000 01046naa a22003017a 4500
001 BR7703196
003 BR-BrBNA
005 20240918174000.0
007 ta
008 230509b bl.||||| |||| 00| 0 por d
040 _aBR-BrBNA
_bpor
_cBiblioteca Nacional de Agricultura
041 _a(Pt)
072 _aP00
_b/G514
090 _aP00 BR7703196
100 1 _aCoimbra Filho, A.F.
245 1 _aImplicacoes faunisticas decorrentes da acao humana nos ecossistemas da regiao Sudeste [Brasil]
260 3 _aBrasilia, DF (Brasil):
_c1977.
500 _aEncontros Regionais sobre Conservacao da Fauna e Recursos Faunisticos Brasilia, DF (Brasil): 1977. p. 295-313 (BR7703196-AM)P00
650 _aRecurso natural
650 _aFauna
650 _aFlora
650 _aEcossistema
650 _aConservacao
650 _aSudeste
773 0 _tEncontros Regionais sobre Conservacao da Fauna e Recursos Faunisticos
_wP00 BR7703196
_gBrasilia, DF (Brasil), 1977. p. 295-313
909 _a202404
_bLucia
_c55
_dLucia Elande
942 _cAM
_2AGRIS
999 _c308118
_d308118